| 000 | 01372nam a2200277 i 4500 | ||
|---|---|---|---|
| 001 | 186199 | ||
| 003 | SpMaBN | ||
| 005 | 20250713041043.0 | ||
| 008 | 160916s2005 sp abd |||| | spa d | ||
| 020 | _a84-7737-156-3 | ||
| 080 | _a94(460)"1598/1621" | ||
| 080 | _a327(460)"16" | ||
| 245 | 0 | 3 |
_aLa monarquía hispánica en tiempos del Quijote / _cPorfirio Sanz Camañes (coordinador) ; [autores, Aranda Pérez, Francisco J. ... et al.]. |
| 260 |
_aMadrid : _bSílex, _c[2005] |
||
| 300 |
_a684 p. : _bil., gráf., mapas ; _c24 cm. |
||
| 504 | _aReferencias bibliográficas. | ||
| 505 | 8 |
_aContiene: Conferencia inaugural: ; _tEl mundo rural en La Mancha cervantina: labradores e hidalgos / _rJerónimo López-Salazar Pérez. -- _tLa Mancha, Castilla y España: sociedad, pensamiento y cultura ; _tLa monarquía hispánica: política, diplomacia y conflictos |
|
| 600 | 1 | 4 |
_aCervantes Saavedra, Miguel de, _d1547-1616. _tDon Quijote de la Mancha- _vAniversarios y centenarios _937614 |
| 651 | 7 |
_aEspaña- _xHistoria- _y1598-1621, Felipe III. _98234 |
|
| 651 | 7 |
_aEspaña- _xPolítica exterior- _y1598-1621. _98418 |
|
| 700 | 1 |
_aSanz Camañes, Porfirio. _9160895 |
|
| 852 |
_aES-MaACL _jA-13947 _9 193254 _bR.151271 _cDEPO1 _dOlim: N-6947 _hDonacion: Jose Lázaro |
||
| 903 |
_9234219 _aLázaro García, José _ednr |
||
| 942 | _2udc | ||
| 999 |
_c186199 _d186199 |
||